[Event "Witley"]
[Site "Witley"]
[Date "1996.??.??"]
[Round "9"]
[White "Rizouk, Ryad"]
[Black "Bates, Richard"]
[Result "1-0"]
[WhiteElo "2385"]
[BlackElo "2315"]

1.e4 c5 2.Nf3 d6 3.Bb5+ Bd7 4.Bxd7+ Nxd7 5.O-O Ngf6 6.Re1 e6 7.d4 cxd4 8.Nxd4 a6
9.c4 Be7 10.b3 O-O 11.Nc3 Rc8 12.Bb2 Ne5 13.Qd2 Qb6 14.Rad1 Rfe8 15.Kh1 Nc6
16.Nxc6 Qxc6 17.Qd3 Rb8 18.a4 Qb6 19.Qc2 Ng4 20.Re2 Bf6 21.Rd3 Qc5 22.Rg3 Qh5
23.h3 Ne5 24.f4 Bh4 25.Rge3 Nc6 26.Qd1 Qh6 27.Rf3 Rbd8 28.Rd2 Bf6 29.Ne2 Bxb2
30.Rxb2 Rd7 31.Rd2 Red8 32.Rfd3 Qh5 33.Kh2 Qc5 34.Nc3 Nb4 35.Rg3 d5 36.Qg4 Qf8
37.cxd5 exd5 38.e5 f5 39.exf6 Qxf6 40.Ne4 Qg6 41.Qxg6 hxg6 42.Nc5 Re7 43.Rxg6 d4
44.Ne6 Rxe6 45.Rxe6 d3 46.Rb6 Nc2 47.Rxb7 Na3 48.Rc7 Nb1 49.Rd1 Na3 50.Rc3 d2
51.b4  1-0

[Event "Witley"]
[Site "Witley"]
[Date "1996.??.??"]
[Round "9"]
[White "Ansell, Simon"]
[Black "McShane, Luke J"]
[Result "1-0"]
[WhiteElo "2420"]
[BlackElo "2385"]

1.e4 c5 2.Nf3 d6 3.Bb5+ Nd7 4.d4 cxd4 5.Qxd4 Nf6 6.Bg5 a6 7.Bxd7+ Bxd7 8.Nc3 h6
9.Bxf6 gxf6 10.Nd5 Rg8 11.O-O Rc8 12.c4 Bg7 13.Rac1 e6 14.Nb6 Rc6 15.Nxd7 Qxd7
16.Qe3 Ke7 17.Nd4 Rc5 18.Nb3 Rc6 19.Rfd1 b6 20.Nd4 Rc7 21.Qa3 Qc8 22.Rc3 Bf8
23.Qb4 Rb7 24.Ra3 Qc5 25.Rxa6 Qxb4 26.Nc6+ Kd7 27.Nxb4 Be7 28.Nc2 Rc8 29.Ne3 Ke8
30.g3 Bf8 31.Kg2 Ke7 32.Ra3 Bg7 33.Rad3 Rc6 34.b3 Ra7 35.a4 h5 36.h4 Rd7
37.f4 Rc5 38.Kf3 Ra5 39.Nc2 Rc5 40.Nd4 Rd8 41.Nb5 Rc6 42.g4 hxg4+ 43.Kxg4 Bh6
44.Kf3 Bg7 45.h5 Bh6 46.e5 fxe5 47.fxe5 d5 48.cxd5 Rc5 49.Nd4 Rf8 50.Nc6+ Ke8
51.b4 Rc4 52.Rd4 Rc2 53.b5 Bg5 54.Rg4 f6 55.dxe6 fxe5+ 56.Kg3 Bf4+ 57.Rxf4 exf4+
58.Kf3 Rc3+ 59.Kf2 Rc2+ 60.Kf1 Rxc6 61.bxc6 Ke7 62.c7 Rc8 63.Rc1 Kxe6 64.Kf2 Kf6
65.Kf3 Kg5 66.h6  1-0

[Event "Oberliga Wuert9697"]
[Site "Wuerttemberg"]
[Date "1996.??.??"]
[Round "?"]
[White "Raedeker, Bernd"]
[Black "Gabriel, Josef"]
[Result "1/2-1/2"]
[WhiteElo "2200"]
[BlackElo "2195"]

1.e4 c5 2.Nf3 d6 3.Bb5+ Bd7 4.Bxd7+ Qxd7 5.O-O Nc6 6.Re1 g6 7.c3 Nf6 8.d4 cxd4
9.cxd4 d5 10.e5 Ne4 11.Nbd2 Nxd2 12.Bxd2 Bg7 13.Bf4 O-O 14.Qd2 Nd8 15.Rac1  1/2-1/2

[Event "Yalta op"]
[Site "Yalta"]
[Date "1996.??.??"]
[Round "2"]
[White "Koziak, Vitali"]
[Black "Klimenko, Sergey"]
[Result "1/2-1/2"]
[WhiteElo "2450"]
[BlackElo "2310"]

1.e4 c5 2.Nf3 d6 3.Bb5+ Bd7 4.Bxd7+ Nxd7 5.O-O Ngf6 6.Re1 e6 7.c4 Be7 8.d4 O-O
9.d5 e5 10.Nc3 Ne8 11.Rb1 Qc8 12.Be3 g6 13.b4 cxb4 14.Rxb4 f5 15.exf5 gxf5
16.Bg5 Rf7 17.Qb1 Nc5 18.Na4 Ne4 19.Be3 Bd8 20.Rc1 b6 21.Nc3 N8f6  1/2-1/2

[Event "Yalta op"]
[Site "Yalta"]
[Date "1996.??.??"]
[Round "4"]
[White "Vartapetyan, Armen"]
[Black "Fedorchuk, Sergey A"]
[Result "1/2-1/2"]
[WhiteElo "2285"]
[BlackElo "2380"]

1.e4 c5 2.Nf3 d6 3.Bb5+ Bd7 4.Bxd7+ Qxd7 5.O-O Nc6 6.c4 e5 7.Nc3 g6 8.d3 Bg7
9.Nd5 Nge7 10.Bg5 Nxd5 11.cxd5 Ne7 12.Rb1 a5 13.a4 O-O 14.Bxe7 Qxe7 15.Nd2 b6
16.Nc4 Rab8 17.Qb3 f5 18.f3 Bh6 19.Rfe1 Bf4 20.Re2 Qd8 21.Qb5 Bg5 22.Qc6 Be7
23.f4 fxe4 24.dxe4 exf4 25.e5 dxe5 26.Qe6+ Kg7 27.Nxe5 Rf6 28.Qd7 Rc8 29.Qxd8 Bxd8
30.Nc4 Rc7 31.Re8 Rd7 32.d6 g5 33.Kf2 Rfxd6 34.Nxd6 Rxd6 35.Ke2 Bf6 36.b3 Bd4
37.Kf3 Be3 38.h4 gxh4 39.Rh1 Rd3 40.Rxh4 Rxb3 41.Re7+ Kf6 42.Rhxh7 Bc1+ 43.Kg4 Rg3+
44.Kh4 Rxg2 45.Rhf7+ Kg6 46.Rg7+ Kf6 47.Rgf7+  1/2-1/2

[Event "Yalta op"]
[Site "Yalta"]
[Date "1996.??.??"]
[Round "5"]
[White "Kozel, Roman"]
[Black "Shipov, Sergei"]
[Result "1/2-1/2"]
[WhiteElo "2365"]
[BlackElo "2540"]

1.e4 c5 2.Nf3 d6 3.Bb5+ Bd7 4.Bxd7+ Qxd7 5.O-O Nf6 6.Re1 Nc6 7.d4 cxd4 8.Nxd4 g6
9.Nxc6 bxc6 10.c4 Bg7 11.Nc3 O-O 12.h3 Qb7 13.Rb1 Nd7 14.Bg5 Rfe8 15.Qc2 Qb4
16.Ne2 Qa5 17.f4 Qxa2 18.e5 Qa6 19.Rbd1 Qb6+ 20.Kh1 Nc5 21.Nd4 f6 22.exf6 exf6
23.Bh4 f5 24.Rxe8+ Rxe8 25.Nf3 Ne4 26.b3 Qe3 27.Re1 Qxf4 28.Bg5 Nxg5 29.Rxe8+ Kf7
30.Rb8 Nxf3 31.gxf3 Bd4 32.Qd1 Be5 33.Qe2 Qh4 34.Qf1 Kf6 35.Rf8+ Kg7 36.Ra8 Qg3
37.Rxa7+ Kf6 38.Ra2  1/2-1/2

[Event "Yalta op"]
[Site "Yalta"]
[Date "1996.??.??"]
[Round "6"]
[White "Kazmin, A."]
[Black "Fedorchuk, Sergey A"]
[Result "0-1"]
[WhiteElo "2185"]
[BlackElo "2380"]

1.e4 c5 2.Nf3 d6 3.Bb5+ Nd7 4.a4 Nf6 5.Nc3 g6 6.a5 Bg7 7.d3 O-O 8.O-O Nb8
9.h3 a6 10.Bc4 Nc6 11.Bd2 Nxa5 12.Ba2 Nc6 13.Nh2 Nd4 14.Be3 Be6 15.Bb1 Ne8
16.Qd2 f5 17.Re1 Kh8 18.Bg5 Nf6 19.exf5 Bxf5 20.Ba2 Qd7 21.Bxf6 exf6 22.Nd5 Rae8
23.c3 Nc6 24.g4 Be6 25.Nb6 Qf7 26.Bxe6 Rxe6 27.Rxe6 Qxe6 28.Re1 Qf7 29.Qe2 f5
30.Qe6 Ne5 31.Qxd6 fxg4 32.Rf1 Qf4 33.Qe6 Nxd3 34.Nxg4 Qf3 35.Nh2 Qh5 36.Nd7 Nf4
37.Qg4 Nxh3+ 38.Kg2 Nf4+ 39.Kg1 Ne2+ 40.Kg2 Qd5+ 41.f3 h5 42.Nb6 Qd6 43.Nc4 Qxh2+
44.Kxh2 hxg4 45.Nd2 Bh6 46.Ne4 gxf3 47.Nxc5 Rf5  0-1

[Event "Yerevan op"]
[Site "Yerevan"]
[Date "1996.??.??"]
[Round "1"]
[White "Darchia, Diana"]
[Black "Sturua, Zurab"]
[Result "0-1"]
[WhiteElo "2055"]
[BlackElo "2540"]

1.e4 c5 2.Nf3 d6 3.Bb5+ Nd7 4.O-O Nf6 5.Re1 a6 6.Bf1 b6 7.d4 cxd4 8.Nxd4 Bb7
9.f3 e6 10.c4 Be7 11.Nc3 O-O 12.Be3 Rc8 13.Qd2 Qc7 14.Rac1 Qb8 15.Qf2 Rfe8
16.Kh1 Bd8 17.b3 Kh8 18.Qb2 Rg8 19.Bf2 g5 20.Nde2 Rg7 21.Bd4 Ne5 22.Nd1 Nd3
23.Qc3 Nxe1 24.Bxf6 Bxf6 25.Qxf6 Nd3 26.Rc3 Ne5 27.Ng3 Kg8 28.f4 Rg6  0-1

[Event "Yerevan ol (Men)"]
[Site "Yerevan"]
[Date "1996.??.??"]
[Round "1"]
[White "Ricardi, Pablo"]
[Black "Ady, Jonathan James"]
[Result "1-0"]
[WhiteElo "2535"]
[BlackElo "2370"]

1.e4 c5 2.Nf3 d6 3.Bb5+ Nd7 4.d4 Nf6 5.Nc3 cxd4 6.Qxd4 e5 7.Qd3 h6 8.Be3 Be7
9.a4 O-O 10.O-O Qc7 11.Bc4 Nc5 12.Bxc5 Qxc5 13.Nd5 Nxd5 14.Bxd5 Be6 15.Bxe6 fxe6
16.Qb3 Rf7 17.c3 Qc8 18.Rad1 Bf8 19.Rd3 Qe8 20.Rfd1 Rc8 21.h3 Rc6 22.Nd2 Ra6
23.Rf3 Rxf3 24.Nxf3 b6 25.Ra1 Ra5 26.Qd1 Rc5 27.Nd2 Rc7 28.Qb3 Qf7 29.a5 d5
30.axb6 axb6 31.Ra8 Qf4 32.Qxb6 Qxd2 33.Rxf8+ Kxf8 34.Qb8+ Kf7 35.Qxc7+ Kf6
36.Qd8+ Kf7 37.Qb6 Qc1+ 38.Kh2 Qf4+ 39.g3 Qxe4 40.Qe3 Qc2 41.b4 Qb2 42.Kg2 d4
43.Qf3+ Ke7 44.Qb7+ Kd6 45.c4 e4 46.Qxe4 Qc3 47.c5+ Ke7 48.Qb7+ Kf6 49.c6 d3
50.c7 d2 51.c8=Q Qxc8 52.Qxc8 d1=Q 53.Qc6 Ke7 54.Qb7+ Kd6 55.Qxg7 Qd5+ 56.Kh2  1-0

[Event "Yerevan ol (Men)"]
[Site "Yerevan"]
[Date "1996.??.??"]
[Round "2"]
[White "Torres, Jose Arturo"]
[Black "Ooi Chern Ee"]
[Result "1/2-1/2"]
[WhiteElo "2165"]
[BlackElo "2225"]

1.e4 c5 2.Nf3 d6 3.Bb5+ Bd7 4.Bxd7+ Qxd7 5.O-O Nc6 6.c3 Nf6 7.Re1 e6 8.d4 cxd4
9.cxd4 d5 10.e5 Ne4 11.Nbd2 Nxd2 12.Bxd2 Be7 13.Rc1 O-O 14.Qb3 h6 15.Rc2 f5
16.exf6 Rxf6 17.Ne5 Nxe5 18.dxe5 Rff8 19.Qg3 Kh8 20.Qg6 Qe8 21.Qxe8 Raxe8
22.Be3 Bb4 23.Rec1 Rd8 24.a3 d4 25.axb4 dxe3 26.fxe3 Rd3 27.Rc8 Rxc8 28.Rxc8+ Kh7  1/2-1/2

[Event "Yerevan ol (Women)"]
[Site "Yerevan"]
[Date "1996.??.??"]
[Round "3"]
[White "Sheremetieva, Marina"]
[Black "Petraki, Maria"]
[Result "0-1"]
[WhiteElo "2270"]
[BlackElo "2120"]

1.e4 c5 2.Nf3 d6 3.Bb5+ Nd7 4.O-O a6 5.Bxd7+ Bxd7 6.d4 cxd4 7.Qxd4 e5 8.Qd3 h6
9.Na3 Nf6 10.Nc4 Qc7 11.Rd1 Bc6 12.Nfd2 Be7 13.b3 O-O 14.Bb2 Nh5 15.g3 g6
16.Ne3 Rac8 17.c4 Qd7 18.Qe2 Ng7 19.c5 Bb5 20.Ndc4 Rxc5 21.Bxe5 Qe6 22.Bd4 Rh5
23.f3 f5 24.Nd5 fxe4 25.Nf4 Rxf4 26.gxf4 d5 27.a4 Bc6 28.Ne5 Nf5 29.Bf2 exf3
30.Qxf3 Nh4 31.Bxh4 Rxh4 32.Qg3 Bc5+ 33.Kf1 g5 34.Rac1 Rxf4+ 35.Nf3 Qe3 36.Kg2 Qe2+
37.Kh1 Rxf3 38.Re1 Rxg3  0-1

[Event "Yerevan ol (Men)"]
[Site "Yerevan"]
[Date "1996.??.??"]
[Round "3"]
[White "Kazhgaleyev, Murtas"]
[Black "Odeev, Handszar"]
[Result "1/2-1/2"]
[WhiteElo "2525"]
[BlackElo "2410"]

1.e4 c5 2.Nf3 d6 3.Bb5+ Bd7 4.Bxd7+ Qxd7 5.c4 Nc6 6.Nc3 Nf6 7.O-O Nd4 8.d3 Nxf3+
9.Qxf3 g6 10.h3 Bg7 11.Be3 Rc8 12.Rac1 O-O 13.b3 Ne8 14.Qe2 e6 15.f4 f5 16.g4 Nc7
17.Qf3 Qc6 18.Ne2 a5 19.Ng3 fxe4 20.dxe4 a4 21.Rc2 axb3 22.axb3 b5 23.h4 bxc4
24.bxc4 Rb8 25.Rd2 Rb3 26.Qf2 d5 27.cxd5 exd5 28.f5 dxe4 29.Rfd1 Nb5 30.Rd8 Nd4
31.Rxf8+ Bxf8 32.Kg2 Nf3 33.Qe2 c4 34.Rd8 Rd3 35.Rb8 Qc7 36.Re8 Nxh4+ 37.Kh3 Nf3
38.Kg2 Nh4+ 39.Kh3 Nf3 40.Kg2 Nh4+ 41.Kh3  1/2-1/2

[Event "Yerevan ol (Men)"]
[Site "Yerevan"]
[Date "1996.??.??"]
[Round "4"]
[White "Hakki, Imad"]
[Black "Mohamed, Esam Ahmed Nagib"]
[Result "0-1"]
[WhiteElo "2380"]
[BlackElo "2355"]

1.e4 c5 2.Nf3 d6 3.Bb5+ Bd7 4.Bxd7+ Qxd7 5.O-O Nc6 6.c3 Nf6 7.d4 cxd4 8.cxd4 d5
9.e5 Ne4 10.Nbd2 e6 11.Re1 Nxd2 12.Bxd2 Be7 13.Bg5 Bxg5 14.Nxg5 Qe7 15.Nf3 O-O
16.Qd2 Rac8 17.Re3 b6 18.Rc1 Na5 19.Rec3 Qd7 20.Qc2 Rxc3 21.Qxc3 h6 22.b3 Rb8
23.h4 Qd8 24.g4 b5 25.Kg2 b4 26.Qc7 Qxc7 27.Rxc7 a6 28.h5 Nb7 29.Ne1 Kf8
30.Nd3 a5 31.f4 a4 32.f5 axb3 33.axb3 Nd8 34.Nc5 Ra8 35.Kf3 exf5 36.gxf5 Ke8
37.e6 fxe6 38.fxe6 Ra1 39.Kf4 Re1 40.Kf5 Re2 41.Rxg7 Nc6 42.Rg4 Ne7+ 43.Kf6 Rh2
44.Nd7 Rxh5 45.Kg7 Rh3 46.Nf6+ Kd8 47.Kf7 Rxb3 48.Rh4 Nf5 49.Rh5 Nd6+ 50.Kf8 Re3
51.Re5 Rxe5 52.dxe5 Nc8 53.Nxd5 b3 54.e7+ Nxe7 55.Nxe7 b2 56.e6 b1=Q  0-1

[Event "Yerevan ol (Men)"]
[Site "Yerevan"]
[Date "1996.??.??"]
[Round "4"]
[White "Zhang Zhong"]
[Black "Rodriguez, Amador"]
[Result "0-1"]
[WhiteElo "2425"]
[BlackElo "2510"]

1.e4 c5 2.Nf3 d6 3.Bb5+ Bd7 4.Bxd7+ Qxd7 5.c4 Nf6 6.Nc3 Nc6 7.O-O e6 8.d4 cxd4
9.Nxd4 Be7 10.Nc2 O-O 11.b3 Rfd8 12.Ne3 a6 13.a4 Qc7 14.Kh1 Nd7 15.Rb1 Bf6
16.Bb2 Qa5 17.Qe1 Qh5 18.Ba1 Nc5 19.f4 Bxc3 20.Qxc3 f6 21.Nc2 Nxe4 22.Qe3 d5
23.b4 Re8 24.b5 axb5 25.axb5 Ne7 26.Rf3 Nf5 27.Qe1 Rac8 28.Na3 Qg6 29.Kg1 Nfd6
30.cxd5 exd5 31.Qd1 Nf5 32.Qxd5+ Kh8 33.Rd3 Nh4 34.g3 Qg4 35.Re3 Qh3 36.Qa2 Nd2
37.Qxd2 Rxe3 38.gxh4 Rxa3  0-1

[Event "Yerevan ol (Men)"]
[Site "Yerevan"]
[Date "1996.??.??"]
[Round "5"]
[White "Odeev, Handszar"]
[Black "Yasseen, Aly"]
[Result "0-1"]
[WhiteElo "2410"]
[BlackElo "2350"]

1.e4 c5 2.Nf3 d6 3.Bb5+ Bd7 4.Bxd7+ Qxd7 5.O-O Nf6 6.e5 dxe5 7.Nxe5 Qc7 8.Qf3 Qxe5
9.Qxb7 Qd5 10.Qc8+ Qd8 11.Qxc5 e6 12.Qg5 h6 13.Qg3 Bd6 14.Qf3 Nbd7 15.d4 Rc8
16.c3 O-O 17.Be3 Nb6 18.Nd2 Nc4 19.Nxc4 Rxc4 20.Rac1 Ra4 21.a3 Ra5 22.Qe2 Nd5
23.Bd2 Nf4 24.Qe4 Qh4 25.Bxf4 Bxf4 26.g3 Bxg3  0-1

[Event "Yerevan ol (Women)"]
[Site "Yerevan"]
[Date "1996.??.??"]
[Round "5"]
[White "Ankerst, Milka"]
[Black "Johansson, Victoria"]
[Result "1/2-1/2"]
[WhiteElo "2195"]
[BlackElo "2130"]

1.e4 c5 2.Nf3 d6 3.Bb5+ Nd7 4.d4 cxd4 5.Qxd4 Nf6 6.Nc3 g6 7.Bg5 Bg7 8.Bxd7+ Qxd7
9.Nd5 Nh5 10.Qc4 b5 11.Nc7+ Kf8 12.Nxb5 Ba6 13.a4 h6 14.Be3 Rc8 15.Qd3 Bxb2
16.Rb1 Bc3+ 17.Nd2 Qg4 18.O-O Nf4 19.Bxf4 Qxf4 20.Nc4 Bf6 21.g3 Qg4 22.Ne3 Qh3
23.Nd5 Kg7 24.Nxf6 exf6 25.Qxd6 Bb7 26.Qe7 Bc6 27.Nd6 Rhf8 28.Nxc8 Re8 29.Qxa7 Rxe4
30.f3 Re2 31.Rf2 Rxf2 32.Qxf2 Qxc8 33.a5 Qa8 34.Ra1 g5 35.Ra3 h5 36.a6 g4
37.fxg4 hxg4 38.a7 Qd8 39.Rd3 Qa5 40.Rd1 Qa4 41.Rf1 f5 42.c3 f6 43.Re1 Kg6
44.Qb6 Be4 45.Kf2 Qc2+ 46.Re2 Qxc3 47.Qe3 Qa1 48.Rd2 Qh1 49.Ke2 Bf3+ 50.Kd3 Qf1+
51.Kc3 Qa1+ 52.Rb2 Qa5+ 53.Rb4 Qa1+ 54.Kc4 Qa6+ 55.Kb3 Bd5+ 56.Kb2 Qa2+ 57.Kc1 Qa1+
58.Rb1 Qa2 59.Qc5 Be4 60.Rb6 Qa1+ 61.Kd2 Qa2+ 62.Kc3 Qc2+ 63.Kb4 Qb2+ 64.Ka5 Qa2+
65.Kb5 Qe2+ 66.Ka4 Qa2+ 67.Qa3 Qc4+ 68.Ka5 Qd5+ 69.Rb5 Qd8+ 70.Ka6 Qc8+  1/2-1/2

[Event "Yerevan ol (Men)"]
[Site "Yerevan"]
[Date "1996.??.??"]
[Round "6"]
[White "Romanishin, Oleg M"]
[Black "Kotsur, Pavel"]
[Result "1/2-1/2"]
[WhiteElo "2555"]
[BlackElo "2505"]

1.e4 c5 2.Nf3 d6 3.Bb5+ Nd7 4.O-O Nf6 5.Re1 a6 6.Bf1 b6 7.c4 Bb7 8.Nc3 e6
9.d4 cxd4 10.Nxd4 Be7 11.f3 Rc8 12.Be3 O-O 13.Rc1 Qc7 14.Kh1 Qb8 15.Qd2 Bd8
16.Qf2 Bc7 17.Qg1 Rfe8 18.Red1 Qa8 19.b4 d5 20.cxd5 exd5 21.exd5 Nxd5 22.Nxd5 Bxd5
23.b5 Bb7 24.bxa6 Bxa6 25.Bb5 Bxb5 26.Nxb5 Nc5 27.Bxc5 bxc5 28.Rxc5 Be5 29.Rxc8 Rxc8
30.Na7 Rc7 31.Qe3 Bf6 32.Nb5 Re7 33.Qb3 h5 34.g3 Re2 35.Nd6 Qxa2 36.Qxa2 Rxa2
37.Ne4 Be7  1/2-1/2

[Event "Yerevan ol (Women)"]
[Site "Yerevan"]
[Date "1996.??.??"]
[Round "6"]
[White "Klinova, Masha"]
[Black "Belakovskaia, Anjelina"]
[Result "1-0"]
[WhiteElo "2380"]
[BlackElo "2350"]

1.e4 c5 2.Nf3 d6 3.Bb5+ Bd7 4.Bxd7+ Qxd7 5.c4 e5 6.d3 g6 7.Nc3 Bg7 8.O-O Ne7
9.a3 Nbc6 10.Rb1 O-O 11.b4 Nd4 12.Bg5 f6 13.Be3 f5 14.Bxd4 exd4 15.Nd5 fxe4
16.dxe4 b6 17.Ne1 Rae8 18.b5 Nc8 19.f3 Ne7 20.Nxe7+ Qxe7 21.Qd3 Qh4 22.g3 Qh3
23.Ng2 Re5 24.Rb2 Bh6 25.f4 Rh5 26.Ne1 g5 27.f5 g4 28.Rg2 Be3+ 29.Kh1 Rh6
30.Qe2 Re8 31.Nd3 Rf6 32.Nf4 Bxf4 33.Rxf4 h5 34.a4 Re7 35.Kg1 Kf7 36.Rgf2 Re8
37.Rg2 Re7 38.Qd2 Ke8 39.a5 bxa5 40.Qxa5 Rg7 41.Qa6 Re7 42.Qc8+ Kf7 43.Qh8 h4
44.Qh5+ Kf8 45.Rxg4 Ref7 46.Rxh4  1-0

[Event "Yerevan op"]
[Site "Yerevan"]
[Date "1996.??.??"]
[Round "8"]
[White "Gurgenidze, Bukhuti"]
[Black "Brodsky, Michail"]
[Result "1/2-1/2"]
[WhiteElo "2340"]
[BlackElo "2545"]

1.e4 c5 2.Nf3 d6 3.Bb5+ Nd7 4.c4 Nf6 5.Nc3 g6 6.O-O Bg7 7.d4 cxd4 8.Nxd4 O-O
9.Ba4 a6 10.h3 e6 11.Be3 Qc7 12.Bb3 b6 13.f3 Bb7 14.Rc1 Rad8 15.Qd2 Qb8 16.Bh6 Rc8
17.Bxg7 Kxg7 18.Nc2 Rfd8 19.Ne3 Bc6 20.Rfd1 Nc5 21.Bc2 a5 22.Qf2 h6 23.Rd2 b5
24.cxb5 Bxb5 25.Rcd1 Ba6 26.Na4 Nh5 27.f4 Nxa4 28.Bxa4 Bb7 29.Bc2 Qc7 30.g3 Nf6
31.e5 dxe5 32.fxe5 Ne8 33.Rxd8 Rxd8 34.Rxd8 Qxd8 35.Ba4 Nc7 36.Bb3 Bc6 37.Ng4 Ne8
38.Qe3 h5 39.Nf2 a4 40.Bc4 Qa5 41.Nd3 Ba8 42.Kf2 Nc7 43.b4 axb3 44.axb3 Nd5
45.Bxd5 Qxd5 46.Nf4 Qd1 47.h4 Bc6 48.Qd3 Qa1 49.Qc4 Qa7+ 50.Ke2 Qb6 51.Qc3 Bb5+
52.Kd2 Qg1 53.Kc2 Qb6 54.Kb2 Bc6 55.b4 Be4 56.Qc5 Qd8  1/2-1/2

[Event "Yerevan ol (Men)"]
[Site "Yerevan"]
[Date "1996.??.??"]
[Round "8"]
[White "Lovlu, Saifuddi"]
[Black "Sammalvuo, Tapani"]
[Result "1-0"]
[WhiteElo "2230"]
[BlackElo "2370"]

1.e4 c5 2.Nf3 d6 3.Bb5+ Nc6 4.O-O Bd7 5.Re1 Nf6 6.c3 a6 7.Bf1 e5 8.d4 cxd4
9.cxd4 Bg4 10.d5 Nd4 11.Nc3 Nh5 12.Be3 Nxf3+ 13.gxf3 Bd7 14.f4 Nxf4 15.Bxf4 exf4
16.Bg2 Qg5 17.Kh1 Qe5 18.Na4 O-O-O 19.Nb6+ Kb8 20.Qc2 Qd4 21.Nxd7+ Rxd7 22.Rac1 Ka7
23.Red1 Qb6 24.Rd3 g5 25.Rb3 Qd8 26.Qc3 Rg8 27.Qd4+ Ka8 28.Qa4 Rc7 29.Rxc7 Qxc7
30.Qe8+ Qb8 31.Qxf7 Rg7 32.Qf6 Rc7 33.Bf1 Rc1 34.Kg2 Qe8 35.Qd4 Qd7 36.h3 g4
37.Bxa6 bxa6 38.Qb6 gxh3+ 39.Kh2 Qc7 40.Qxa6+ Qa7 41.Qe2 Rc5 42.Qd2 Qd7 43.Qb4 Qa7
44.Ra3 Bg7 45.Kxh3 Be5 46.f3 Rc7 47.Rxa7+ Rxa7 48.a4 Rg7 49.Qa5+ Kb8 50.Qd8+ Ka7
51.b4 Rg3+ 52.Kh4 Rxf3 53.b5 Rg3 54.a5 Rg7 55.Qb6+ Ka8 56.Qc6+ Kb8 57.b6 f3
58.a6 Bf6+ 59.Kh3  1-0

[Event "Yerevan ol (Men)"]
[Site "Yerevan"]
[Date "1996.??.??"]
[Round "8"]
[White "Shirov, Alexei"]
[Black "Kasparov, Gary"]
[Result "1/2-1/2"]
[WhiteElo "2685"]
[BlackElo "2785"]

1.e4 c5 2.Nf3 d6 3.Bb5+ Bd7 4.Bxd7+ Qxd7 5.c4 Nc6 6.Nc3 g6 7.d4 Bg7 8.d5 Bxc3+
9.bxc3 Na5 10.O-O f6 11.Nd2 b6 12.Qe2 Qa4 13.f4 Nh6 14.e5 O-O-O 15.Rb1 Nf5
16.g4 Nh4 17.exf6 exf6 18.Qf2 g5 19.Ne4 Qe8 20.Re1 Qg6 21.fxg5 Rhe8 22.Nxd6+ Rxd6
23.Rxe8+ Qxe8 24.Bf4 Nxc4 25.Bxd6 Nd2 26.Rd1 Qe4 27.Bg3  1/2-1/2

[Event "Yerevan ol (Women)"]
[Site "Yerevan"]
[Date "1996.??.??"]
[Round "8"]
[White "Klinova, Masha"]
[Black "Sakhatova, Elvira"]
[Result "1/2-1/2"]
[WhiteElo "2380"]
[BlackElo "2330"]

1.e4 c5 2.Nf3 d6 3.Bb5+ Bd7 4.Bxd7+ Qxd7 5.c4 Nc6 6.d4 cxd4 7.Nxd4 Nf6 8.Nc3 g6
9.f3 Bg7 10.Be3 O-O 11.O-O Qd8 12.Qd2 Nd7 13.b3 Nxd4 14.Bxd4 Bxd4+ 15.Qxd4 Qb6
16.Rfd1 Qxd4+ 17.Rxd4 Rfc8 18.Rad1 Kf8 19.f4 Nc5 20.Nd5 b6 21.g4  1/2-1/2

[Event "Yerevan ol (Men)"]
[Site "Yerevan"]
[Date "1996.??.??"]
[Round "8"]
[White "Yudasin, Leonid"]
[Black "De Firmian, Nick E"]
[Result "1/2-1/2"]
[WhiteElo "2595"]
[BlackElo "2575"]

1.e4 c5 2.Nf3 d6 3.Bb5+ Bd7 4.c4 Nc6 5.Nc3 g6 6.d4 cxd4 7.Nxd4 Bg7 8.Be3 Nf6
9.f3 O-O 10.Rc1 Nxd4 11.Bxd4 Bxb5 12.Nxb5 a6 13.Nc3 b5 14.cxb5 axb5 15.a3 Qa5
16.O-O b4 17.axb4 Qxb4 18.Kh1 Rfc8 19.Rc2 Qb3 20.Re2 Rab8 21.Bxf6 Bxf6 22.Nd5 Kg7
23.Nxf6 Qxd1 24.Nh5+ gxh5 25.Rxd1 h4 26.Kg1 Kf6 27.Kf2 Rb3 28.Rd5  1/2-1/2

[Event "Yerevan ol (Women)"]
[Site "Yerevan"]
[Date "1996.??.??"]
[Round "10"]
[White "Arribas, Maritza"]
[Black "Laesson, Tuulikki"]
[Result "1/2-1/2"]
[WhiteElo "2280"]
[BlackElo "2290"]

1.e4 c5 2.Nf3 d6 3.Bb5+ Nc6 4.O-O Bd7 5.Re1 Nf6 6.c3 a6 7.Bf1 Bg4 8.d3 g6
9.Bg5 Bg7 10.Nbd2 O-O 11.h3 Bxf3 12.Nxf3 h6 13.Be3 b5 14.Qd2 Kh7 15.Nh2 d5
16.Bxc5 dxe4 17.Qe3 exd3 18.Bxd3 Nd5 19.Qg3 Rc8 20.Rad1 Ne5 21.Ba3 Qc7 22.Bxb5 Nxc3
23.Bxa6 Nxd1 24.Bxc8 Nxf2 25.Kxf2 Rxc8 26.Kg1 e6 27.Ng4 Nxg4 28.Qxg4 Qb8
29.Kh1 Rc2 30.Qf3 Rd2 31.Qe4 Bxb2 32.Bxb2 Qxb2 33.a4 Qc2 34.Qxc2 Rxc2 35.Ra1 Kg7
36.a5 Rc7 37.Kg1 Kf6 38.Kf2 Ke5 39.Ke3 f5 40.a6 Ra7 41.Ra5+ Kd6 42.Kd4 e5+
43.Rxe5 Rxa6 44.Rb5 Ke6 45.Ke3 Kf6 46.Kf3 g5 47.Rb3 h5 48.Rc3 Rd6 49.Ra3 Rd5
50.Rb3 g4+ 51.hxg4 hxg4+ 52.Kf4 Rd4+ 53.Ke3 Ra4 54.Rb2 Kg5 55.g3 Ra3+ 56.Kf2 Ra6
57.Rc2 Kf6 58.Re2 Ra4 59.Rb2 Ke5 60.Rb5+ Ke4 61.Rb2 f4 62.gxf4 Kxf4 63.Kg2 Rc4
64.Ra2  1/2-1/2

[Event "Yerevan ol (Men)"]
[Site "Yerevan"]
[Date "1996.??.??"]
[Round "10"]
[White "Kurniawan, Bobby"]
[Black "Matikozian, Andranik"]
[Result "1-0"]
[WhiteElo "2405"]
[BlackElo "2300"]

1.e4 c5 2.Nf3 d6 3.Bb5+ Bd7 4.Bxd7+ Qxd7 5.O-O Nc6 6.c3 Nf6 7.Qe2 e6 8.d3 Be7
9.Be3 O-O 10.Nbd2 Qc7 11.Rac1 d5 12.h3 h6 13.Kh1 Rfd8 14.e5 Nd7 15.Bf4 b5
16.Rg1 Nf8 17.g4 Rd7 18.h4 Qd8 19.h5 Nh7 20.Bh2 c4 21.d4 b4 22.Ne1 Rb8 23.f4 bxc3
24.bxc3 Rb2 25.a4 Na5 26.Nef3 Nb3 27.Rb1 Rc2 28.Qe3 Nxd2 29.Nxd2 Qa5 30.Rg3 Ng5
31.Rb8+ Kh7 32.Qe1 Qxa4 33.fxg5 Bxg5 34.Nf3 Qa2 35.Nxg5+ hxg5 36.Bg1 a5 37.h6 Rb2
38.Rxb2 Qxb2 39.Rg2 Qa3 40.hxg7 Kxg7 41.Be3 Rd8 42.Bxg5 Rh8+ 43.Rh2 Rxh2+
44.Kxh2 Qb2+ 45.Qd2 Qb1 46.Bf6+ Kh7 47.Qf2 Kg8 48.Qe3 Qh7+ 49.Kg3 Kf8 50.Qg5 Qd3+
51.Kh4 Qh7+ 52.Qh5 Qg8 53.Qh6+ Ke8 54.Qg7 Qxg7 55.Bxg7 a4 56.Bh6 a3 57.Bc1 a2
58.Bb2 Kd7 59.Kg5 Kc6 60.Kf6 Kb5 61.Kxf7 Ka4 62.g5 Kb3 63.Ba1  1-0

[Event "Yerevan ol (Women)"]
[Site "Yerevan"]
[Date "1996.??.??"]
[Round "10"]
[White "Klinova, Masha"]
[Black "Gaponenko, Inna"]
[Result "1/2-1/2"]
[WhiteElo "2380"]
[BlackElo "2340"]

1.e4 c5 2.Nf3 d6 3.Bb5+ Nd7 4.O-O Nf6 5.Re1 a6 6.Bf1 b6 7.d4 cxd4 8.Nxd4 Bb7
9.f3 e6 10.c4 Be7 11.Nc3 O-O 12.Be3 Qc7 13.Qe2 Rac8 14.Rac1 Qb8 15.Qf2 Bd8
16.g4 Ne5 17.g5 Nfd7 18.b3 Re8 19.Qg3 Nc6 20.Nde2 Bc7 21.Nf4 Ne7 22.Bh3 Rcd8
23.Bxe6 fxe6 24.Nxe6 Rc8 25.Bf4 Ne5 26.Rcd1 N7g6 27.Nxc7 Qxc7 28.Be3 b5 29.Nd5 Bxd5
30.cxd5 Nh4 31.Rf1 Qc3 32.f4 Nef3+ 33.Rxf3 Nxf3+ 34.Qxf3 Qc2 35.e5 Rc3 36.Re1 dxe5
37.fxe5 Rxe5 38.Rf1 Rxg5+ 39.Kh1 h6 40.Qf7+ Kh7 41.Bxg5 Qe4+ 42.Kg1 Qg4+
43.Kh1 Qxg5 44.Qe6 Re3 45.Qf5+ Qxf5 46.Rxf5 Re2 47.a4 bxa4 48.bxa4 Ra2 49.Rf8 Rxa4
50.Ra8 Rd4 51.Rxa6 Rxd5 52.Kg2 Rd3 53.Rb6 Rd7 54.Ra6 Rf7 55.Rb6 Rf6 56.Rb3 Rc6
57.Ra3 g5 58.Kg3 Kg6 59.h4 Kh5 60.hxg5 hxg5 61.Rb3 Rc1 62.Ra3 Rg1+ 63.Kh2 Rg4
64.Kh3 Rc4  1/2-1/2

[Event "Yerevan ol (Men)"]
[Site "Yerevan"]
[Date "1996.??.??"]
[Round "10"]
[White "Prie, Eric"]
[Black "Georgiev, Kiril"]
[Result "1/2-1/2"]
[WhiteElo "2480"]
[BlackElo "2620"]

1.e4 c5 2.Nf3 d6 3.Bb5+ Bd7 4.Bxd7+ Qxd7 5.c4 Nc6 6.d4 cxd4 7.Nxd4 Nf6 8.Nc3 g6
9.f3 Bg7 10.Be3 O-O 11.O-O e6 12.Qd2 Rfd8 13.Rad1  1/2-1/2

[Event "Yerevan ol (Men)"]
[Site "Yerevan"]
[Date "1996.??.??"]
[Round "11"]
[White "Rausis, Igors"]
[Black "Van Wely, Loek"]
[Result "1/2-1/2"]
[WhiteElo "2495"]
[BlackElo "2605"]

1.e4 c5 2.Nf3 d6 3.Bb5+ Bd7 4.Bxd7+ Qxd7 5.O-O Nc6 6.c3 Nf6 7.Re1 e6 8.d4 cxd4
9.cxd4 d5 10.e5 Ne4 11.Nbd2 Nxd2 12.Bxd2 Be7 13.Bg5 O-O 14.Bxe7 Qxe7 15.Re3 Rac8
16.Rc3 a6 17.Rac1 Na7 18.a3 h6 19.h3 Qd7 20.Qb3 Rxc3 21.Rxc3 Nb5 22.Rc5 b6
23.Rc2 Rc8 24.a4 Rxc2 25.Qxc2 Na7 26.Ne1 Nc6 27.Qc3 Na5 28.b3 Qc6 29.Qxc6 Nxc6
30.Nc2 Na5 31.Na1 g5 32.g3 Kg7 33.f4 Kg6 34.Kf2 Kf5 35.Kf3 h5 36.g4+ hxg4+
37.hxg4+ Kg6 38.b4 Nc6 39.Nc2 a5 40.bxa5 Nxa5 41.f5+ exf5 42.Ne3 fxg4+ 43.Kxg4 Nc6
44.Nxd5 Nxd4 45.Ne7+ Kg7 46.Nd5 Kg6 47.Nxb6 f6 48.exf6 Kxf6 49.a5  1/2-1/2

[Event "Yerevan ol (Men)"]
[Site "Yerevan"]
[Date "1996.??.??"]
[Round "11"]
[White "Mok Tze Meng"]
[Black "Leitao, Rafael"]
[Result "0-1"]
[WhiteElo "2240"]
[BlackElo "2475"]

1.e4 c5 2.Nf3 d6 3.Bb5+ Nc6 4.O-O Bd7 5.Re1 Nf6 6.c3 a6 7.Bf1 Bg4 8.h3 Bh5
9.d3 e6 10.Nbd2 Be7 11.Be2 d5 12.exd5 Nxd5 13.Nc4 Qc7 14.Nfe5 Bxe2 15.Qxe2 Nxe5
16.Qxe5 Qxe5 17.Nxe5 f6 18.Nf3 Kf7 19.Bd2 Rhd8 20.Re2 e5 21.Rae1 Rd7 22.d4 exd4
23.cxd4 c4 24.g4 b5 25.g5 b4 26.gxf6 gxf6 27.Nh4 c3 28.bxc3 bxc3 29.Bc1 Rb8
30.Nf5 Rb1 31.Kf1 Bf8 32.Rc2 Rc7 33.a3 Ra1 34.Ne3 Ke6 35.Nxd5+ Kxd5 36.Ke2 Kc4
37.Rd1 Kb3 38.Kd3 Bxa3 39.d5 Rxc1 40.Rdxc1 Bxc1 41.Rxc1 c2 42.d6 Rd7  0-1